Jhwh und die Götter: ein Querschnitt durch die Forschung zum syrisch-palästinensischen Gottesverständnis
| Main Author: | |
|---|---|
| Format: | Print Review |
| Language: | German |
| Check availability: | HBZ Gateway |
| Interlibrary Loan: | Interlibrary Loan for the Fachinformationsdienste (Specialized Information Services in Germany) |
| Published: |
2000
|
| In: |
Zeitschrift für Religions- und Geistesgeschichte
Year: 2000, Volume: 52, Issue: 2, Pages: 167-175 |
| Review of: | Among the host of heaven / Lowell K. Handy (Herr, Bertram) Myths of power / Nicolas Wyatt (Herr, Bertram) Rise of Yahwism / Johannes C. de Moor (Herr, Bertram) Gottes Einzigkeit / Oswald Loretz (Herr, Bertram) Einführung in den biblischen Monotheismus / Fritz Stolz (Herr, Bertram) |
| Standardized Subjects / Keyword chains: | B
Israel (Antiquity)
/ Religion
/ Ancient Orient
/ Jahwe
/ Monotheism
B Syria / Religion B Israel (Antiquity) / Religion |
| RelBib Classification: | BC Ancient Orient; religion HB Old Testament |
| Further subjects: | B
Book review
B Research report B Idea of God B Literature report |
MARC
| LEADER | 00000caa a22000002c 4500 | ||
|---|---|---|---|
| 001 | 1865189499 | ||
| 003 | DE-627 | ||
| 005 | 20241126180116.0 | ||
| 007 | tu | ||
| 008 | 231014s2000 xx ||||| no 00| ||ger c | ||
| 035 | |a (DE-627)1865189499 | ||
| 035 | |a (DE-576)465420176 | ||
| 035 | |a (DE-599)KXP1865189499 | ||
| 040 | |a DE-627 |b ger |c DE-627 |e rakwb | ||
| 041 | |a ger | ||
| 084 | |a 0 |2 ssgn | ||
| 084 | |a 1 |2 ssgn | ||
| 100 | 1 | |e VerfasserIn |0 (DE-588)121898520 |0 (DE-627)705694607 |0 (DE-576)181311976 |4 aut |a Herr, Bertram |d 1964- | |
| 109 | |a Herr, Bertram 1964- | ||
| 245 | 1 | 0 | |a Jhwh und die Götter |b ein Querschnitt durch die Forschung zum syrisch-palästinensischen Gottesverständnis |c Bertram Herr |
| 264 | 1 | |c 2000 | |
| 336 | |a Text |b txt |2 rdacontent | ||
| 337 | |a ohne Hilfsmittel zu benutzen |b n |2 rdamedia | ||
| 338 | |a Band |b nc |2 rdacarrier | ||
| 500 | |a Aufsatz | ||
| 601 | |a Forschung | ||
| 650 | 0 | 7 | |0 (DE-588)4125333-4 |0 (DE-627)105741027 |0 (DE-576)209575727 |a Gottesvorstellung |2 gnd |
| 650 | 0 | 7 | |0 (DE-588)4155043-2 |0 (DE-627)10467444X |0 (DE-576)209815833 |a Forschungsbericht |2 gnd |
| 652 | |a BC:HB | ||
| 655 | 7 | |a Literaturbericht |0 (DE-588)4167870-9 |0 (DE-627)104712805 |0 (DE-576)209911700 |2 gnd-content | |
| 655 | 7 | |a Rezension |0 (DE-588)4049712-4 |0 (DE-627)106186019 |0 (DE-576)209083166 |2 gnd-content | |
| 689 | 0 | 0 | |d g |0 (DE-588)4072956-4 |0 (DE-627)106093711 |0 (DE-576)209188804 |2 gnd |a Israel |g Altertum |
| 689 | 0 | 1 | |d s |0 (DE-588)4049396-9 |0 (DE-627)106187155 |0 (DE-576)209081880 |2 gnd |a Religion |
| 689 | 0 | 2 | |d g |0 (DE-588)4001451-4 |0 (DE-627)106397052 |0 (DE-576)208842934 |2 gnd |a Alter Orient |
| 689 | 0 | 3 | |d p |0 (DE-588)118556703 |0 (DE-627)694791792 |0 (DE-576)208977023 |2 gnd |a Jahwe |
| 689 | 0 | 4 | |d s |0 (DE-588)4040107-8 |0 (DE-627)106225359 |0 (DE-576)209038063 |2 gnd |a Monotheismus |
| 689 | 0 | |5 (DE-627) | |
| 689 | 1 | 0 | |d g |0 (DE-588)4058794-0 |0 (DE-627)104584882 |0 (DE-576)209127961 |2 gnd |a Syrien |
| 689 | 1 | 1 | |d s |0 (DE-588)4049396-9 |0 (DE-627)106187155 |0 (DE-576)209081880 |2 gnd |a Religion |
| 689 | 1 | |5 (DE-627) | |
| 689 | 2 | 0 | |d g |0 (DE-588)4072956-4 |0 (DE-627)106093711 |0 (DE-576)209188804 |2 gnd |a Israel |g Altertum |
| 689 | 2 | 1 | |d s |0 (DE-588)4049396-9 |0 (DE-627)106187155 |0 (DE-576)209081880 |2 gnd |a Religion |
| 689 | 2 | |5 (DE-627) | |
| 773 | 0 | 8 | |i Enthalten in |t Zeitschrift für Religions- und Geistesgeschichte |d Leiden : Brill, 1948 |g 52(2000), 2, Seite 167-175 |w (DE-627)129457981 |w (DE-600)200159-7 |w (DE-576)014821419 |x 0044-3441 |7 nnas |
| 773 | 1 | 8 | |g volume:52 |g year:2000 |g number:2 |g pages:167-175 |
| 787 | 0 | 8 | |i Rezension von |a Among the host of heaven / Lowell K. Handy |
| 787 | 0 | 8 | |i Rezension von |a Myths of power / Nicolas Wyatt |
| 787 | 0 | 8 | |i Rezension von |a Rise of Yahwism / Johannes C. de Moor |
| 787 | 0 | 8 | |i Rezension von |a Gottes Einzigkeit / Oswald Loretz |
| 787 | 0 | 8 | |i Rezension von |a Einführung in den biblischen Monotheismus / Fritz Stolz |
| 889 | |w (DE-627)164224807X | ||
| 935 | |a mteo |a BIIN | ||
| 935 | |i mdedup | ||
| 951 | |a AR | ||
| BIB | |a 1 | ||
| ELC | |b 1 | ||
| ITA | |a 1 |t 1 | ||
| LOK | |0 000 xxxxxcx a22 zn 4500 | ||
| LOK | |0 001 330607067X | ||
| LOK | |0 003 DE-627 | ||
| LOK | |0 004 1865189499 | ||
| LOK | |0 005 20241126174712 | ||
| LOK | |0 008 160404||||||||||||||||ger||||||| | ||
| LOK | |0 040 |a DE-Tue135 |c DE-627 |d DE-Tue135 | ||
| LOK | |0 092 |o n | ||
| LOK | |0 852 |a DE-Tue135 | ||
| LOK | |0 852 1 |9 00 | ||
| LOK | |0 935 |a ixzs |a ixmi | ||
| LOK | |0 936ln |0 1442044128 |a HB | ||
| LOK | |0 936ln |0 1442043377 |a BC | ||
| LOK | |0 939 |a 04-04-16 |b l01 | ||
| LOK | |0 000 xxxxxcx a22 zn 4500 | ||
| LOK | |0 001 3306070696 | ||
| LOK | |0 003 DE-627 | ||
| LOK | |0 004 1865189499 | ||
| LOK | |0 005 20241126174712 | ||
| LOK | |0 008 190311||||||||||||||||ger||||||| | ||
| LOK | |0 035 |a (DE-Tue135-1)156278 | ||
| LOK | |0 040 |a DE-Tue135-1 |c DE-627 |d DE-Tue135-1 | ||
| LOK | |0 852 |a DE-Tue135-1 | ||
| LOK | |0 852 1 |c FTH097528/52/HRB |m p |9 00 | ||
| LOK | |0 852 2 |b Z 3/917 |9 00 | ||
| LOK | |0 935 |a iZSA | ||
| LOK | |0 936ln |0 1442044128 |a HB | ||
| LOK | |0 938 |k p | ||
| LOK | |0 939 |a 11-03-19 |b l12 | ||
| ORI | |a SA-MARC-ixtheoa001.raw | ||
| REF | |a Ägyptische Religion,Griechische Religion | ||
| REL | |a 1 | ||
| STA | 0 | 0 | |a Ancient Orient,Idea of God,God,God,God,Monotheism,Monotheistic religion,Religion,Religions,Religion,Religion in literature,Research report,Syria,Syria,Syria,Syria,Northern Syria,Northwestern Syria,Northeastern Syria |
| STB | 0 | 0 | |a Image de Dieu,Idée de Dieu,Monothéisme,Rapport de recherche,Religion,Religions,Religion |
| STC | 0 | 0 | |a Concepto de Dios,Concepto de Dios,Informe de la investigación,Monoteísmo,Religión,Religión,Religión |
| STD | 0 | 0 | |a Immagine di Dio,Immagine di Dio,Monoteismo,Rapporto tecnico,Religione,Religione,Religione |
| STE | 0 | 0 | |a 一神论,宗教,宗教,神的概念,上帝的概念 |
| STF | 0 | 0 | |a 一神論,宗教,宗教,神的概念,上帝的概念 |
| STG | 0 | 0 | |a Conceito de Deus,Conceito de Deus,Monoteísmo,Relatório da pesquisa,Religião,Religião |
| STH | 0 | 0 | |a Монотеизм,Отчёт об исследовании,Представление Бога (мотив),Представление Бога,Религия (мотив),Религия |
| STI | 0 | 0 | |a Εικόνα του Θεού (μοτίβο),Εικόνα του Θεού,Ερευνητική έκθεση,Θρησκεία (μοτίβο),Θρησκεία,Μονοθεϊσμός |
| SUB | |a BIB |a REL | ||
| SYE | 0 | 0 | |a Gottesbegriff,Gottesgedanke,Gottesidee,Gotteskonzept,Gottesbild,Götterbild,Gott |
| SYG | 0 | 0 | |a Israel , Medinat Jisrael,Yiśraʾel,Ereṣ Yiśraʾel,Israël,Etat d'Israël,State of Israel,Yiśrāʾēl,Ereṣ Yiśrāʾēl,Medînat Yiśrā'ēl,Isrāʾīl,Izrael , Israel,Israel,Isrā'īl al-Kaskari , Religion,Mystik,Mythologie , Orient,Vorderasien,Orient , Jahve,Jehova,Jhwh,Yahwe,YHWH , Elohim , Monotheistische Religion , Araber , Syrien,al- Ǧumhūrīya as-Sūrīya,al- Ǧumhūrīya al-ʿArabīya as-Sūrīya,Syrie,République Syrienne,Arabskiej Republiki Syryjskiej,Suriye,Siria,Repubblica Araba Siriana,Sowria,Sūriyā,Syrian Arab Republic,République Arabe Syrienne,Arabische Republik Syrien,Daulat Sūriyā,Province of Syria,Syrische Arabische Republik,SAR,SAR,RAS,Syria,al-Ǧumhūrīya as-Sūrīya,al-Ǧumhūrīya al-ʿArabīya as-Sūrīya,Syrie,Syrien,Syria,Syrien,Syrie,Arabische Republik Syrien,République Arab Syrienne,Syrian Arab Republic,al-Ǧumhūriyya al-ʿArabiyya as-Sūriyya , Religion,Mystik,Mythologie , Israel , Medinat Jisrael,Yiśraʾel,Ereṣ Yiśraʾel,Israël,Etat d'Israël,State of Israel,Yiśrāʾēl,Ereṣ Yiśrāʾēl,Medînat Yiśrā'ēl,Isrāʾīl,Izrael , Israel,Israel,Isrā'īl al-Kaskari , Religion,Mystik,Mythologie |
| TIM | |a 100019180101_100019580201 |b 1918 - 1958-02-01 | ||



